海南领土争议的国际法调整 (Запись № 13651953)
[ простой вид ]
| 000 -МАРКЕР | |
|---|---|
| контрольное поле | 04065nam0a22003851 4500 |
| 001 - ИДЕНТИФИКАТОР ЗАПИСИ | |
| контрольное поле | RU\NLR\BIBL_A\022774341 |
| 005 - ИДЕНТИФИКАТОР ВЕРСИИ | |
| контрольное поле | 20260409004039.0 |
| 010 ## - МЕЖДУНАРОДНЫЙ СТАНДАРТНЫЙ НОМЕР КНИГИ (ISBN) | |
| Номер (ISBN) | 978-5-209-12704-8 |
| Тираж | 500 |
| 035 ## - ДРУГИЕ СИСТЕМНЫЕ НОМЕРА | |
| Идентификатор записи | (NLR Aleph) 022774341 |
| 100 ## - ДАННЫЕ ОБЩЕЙ ОБРАБОТКИ | |
| Данные общей обработки | 20260402d2025 u y0rusy50 ca |
| 101 0# - ЯЗЫК РЕСУРСА | |
| Язык текста, звукозаписи и т.д. | китайский |
| 102 ## - СТРАНА ПУБЛИКАЦИИ ИЛИ ПРОИЗВОДСТВА | |
| Страна публикации | российская федерация |
| 105 ## - ПОЛЕ КОДИРОВАННЫХ ДАННЫХ: ТЕКСТОВЫЕ МАТЕРИАЛЫ, МОНОГРАФИЧЕСКИЕ | |
| Кодированные данные о монографическом текстовом документе | y z 000yy |
| 181 #0 - ПОЛЕ КОДИРОВАННЫХ ДАННЫХ: ВИД СОДЕРЖАНИЯ | |
| Код вида содержания (ISBD) | i4 |
| Код характеристики содержания (ISBD) | axxe |
| 182 #0 - ПОЛЕ КОДИРОВАННЫХ ДАННЫХ: ТИП СРЕДСТВА | |
| Код типа средства (ISBD) | n - непосредственное |
| 200 1# - ЗАГЛАВИЕ И СВЕДЕНИЯ ОБ ОТВЕТСТВЕННОСТИ | |
| Основное заглавие | 海南领土争议的国际法调整 |
| Параллельное заглавие | Международно-правовые аспекты урегулирования территориальных претензий в Южно-Китайском море |
| Первые сведения об ответственности | 罗兰 |
| Язык параллельного заглавия | русский |
| 203 ## - ВИД СОДЕРЖАНИЯ И ТИП СРЕДСТВА | |
| Вид содержания | Текст |
| Дополнительные сведения об издании | визуальный |
| Тип средства | непосредственный |
| 210 ## - ПУБЛИКАЦИЯ, РАСПРОСТРАНЕНИЕ И ДР. | |
| Место издания, распространения и т.д. | Москва |
| Имя издателя, распространителя и т. д. | Российский университет дружбы народов |
| Дата издания, распространения и т.д. | 2025 |
| 215 ## - ФИЗИЧЕСКАЯ ХАРАКТЕРИСТИКА | |
| Специфическое обозначение материала и объем | 197 с. |
| Размеры | 21 |
| 330 ## - РЕЗЮМЕ ИЛИ РЕФЕРАТ | |
| Текст примечания | В настоящей монографии осуществлен комплексный анализ международно-правовых принципов, норм, способов и методов, которые могут быть применимы для урегулирования территориальных претензий в Южно-Китайском море. Повышенное внимание уделено проблематике, непосредственно связанной с определением генезиса правового статуса Южно-Китайского моря, изучением в сравнительном плане национальных политик Китая и Вьетнама относительно притязаний на Южно-Китайское море, установлением роли АСЕАН в качестве одного из возможных механизмов по урегулированию территориальных споров в названном море, а также детерминацией ключевого инструмента по урегулированию территориальных претензий государств - реализации проектов по совместной разработке ресурсов Южно-Китайского моря. Издание адресовано преподавателям и учащимся гуманитарных вузов и факультетов, представителям научного и экспертного сообщества, а также всем, кто интересуется актуальными проблемами современного международного права. |
| 607 ## - ГЕОГРАФИЧЕСКОЕ НАИМЕНОВАНИЕ КАК ПРЕДМЕТ | |
| Географическое наименование | Южно-Китайское море |
| Тематический подзаголовок | Международно-правовой режим |
| Системный номер авторитетной/нормативной записи | 2093016 |
| Идентификатор авторитетной/нормативной записи | RU\NLR\AUTH\661266662 |
| 610 0# - НЕКОНТРОЛИРУЕМЫЕ ПРЕДМЕТНЫЕ ТЕРМИНЫ | |
| Предметный термин | Государство и право. Юридические науки -- Международное публичное право -- Вопросы территории в международном праве -- Водная территория -- Международное морское право |
| 610 0# - НЕКОНТРОЛИРУЕМЫЕ ПРЕДМЕТНЫЕ ТЕРМИНЫ | |
| Предметный термин | История. Исторические науки -- История зарубежных стран -- Центральная Азия. Дальний Восток в целом -- Международные проблемы - Южно-Китайское море |
| 610 0# - НЕКОНТРОЛИРУЕМЫЕ ПРЕДМЕТНЫЕ ТЕРМИНЫ | |
| Предметный термин | Территориальные споры в международном праве |
| 610 0# - НЕКОНТРОЛИРУЕМЫЕ ПРЕДМЕТНЫЕ ТЕРМИНЫ | |
| Предметный термин | Острова -- Правовое положение -- Южно-Китайское море |
| 610 0# - НЕКОНТРОЛИРУЕМЫЕ ПРЕДМЕТНЫЕ ТЕРМИНЫ | |
| Предметный термин | Южно-Китайское море -- Международно-правовой режим |
| 610 0# - НЕКОНТРОЛИРУЕМЫЕ ПРЕДМЕТНЫЕ ТЕРМИНЫ | |
| Предметный термин | Международные отношения -- Юго-Восточная Азия |
| 700 #0 - ИМЯ ЛИЦА - ПЕРВИЧНАЯ ОТВЕТСТВЕННОСТЬ | |
| Начальный элемент ввода | 罗兰 |
| Код отношения | Автор |
| 790 #0 - ИМЯ ЛИЦА - АЛЬТЕРНАТИВНАЯ ФОРМА | |
| Начальный элемент ввода | Ло Лань |
| Код отношения | Автор |
| 852 ## - МЕСТОНАХОЖДЕНИЕ И ШИФР ХРАНЕНИЯ | |
| Идентификатор организации | NLR |
| Наименование фонда или коллекции (Sub-Location Identifier) | ОЛСАА-кит. |
| Шифр хранения (Call Number) | 2-14010 |
| 942 ## - ДОПОЛНИТЕЛЬНЫЕ ЭЛЕМЕНТЫ ЗАПИСИ (АБИС) | |
| Тип экземпляра АБИС | Книга |
| 980 1# - КОЛЛЕКЦИЯ | |
| Название коллекции | |
| 980 ## - КОЛЛЕКЦИЯ | |
| Название коллекции | Национальная библиография |
Нет доступных экземпляров.